| 000 | 00757nam0a22002531 4500 | ||
|---|---|---|---|
| 001 | rc\4103460 | ||
| 005 | 20130415164635.8 | ||
| 021 |
_aRU _b[53-45890] |
||
| 035 | _a(NLR Aleph) 008140466 | ||
| 090 |
_a9480923 _c9480923 |
||
| 100 | _a20130415d1953 |||y0rusy50 ca | ||
| 101 | 0 | _arus | |
| 102 | _aRU | ||
| 105 | _aa z ||||| | ||
| 200 | 1 | _aОплетка кабельных изделий | |
| 210 |
_aМосква _aЛенинград _cГосэнергоиздат _d1953 |
||
| 215 |
_a111 с. _cил. _d20 |
||
| 606 |
_aКабели _xОбмотка _2psbo |
||
| 700 | 1 |
_aКожевников _bБ. А. _gБорис Андреевич |
|
| 801 | 0 |
_aRU _bNLR _gpsbo |
|
| 801 | 1 |
_aRU _bELAR _2rusmarc |
|
| 852 |
_aNLR _jТ20 Г-3/256 |
||
| 942 | _cBOOK | ||
| 980 | _aNB | ||